00944nam a2200229 a 450000100100000000500170001000800410002704000130006808200200008110000420010124500940014324600280023726000530026530000300031865000280034865000430037665000310041904900090045095201170045995201230057699900150069900000899320240412074208.0090922s1980 dr c 000 0 spa d aDO-SdBNP aRD861.44bC117p1 aCabral, Manuel del,d1907-199992355610a10 poetas dominicanos :btres poetas con vida y siete desenterrados /cManuel del Cabral.2 aDiez poetas dominicanos aSanto Domingo :bPublicaciones América,c1980. a189 p. :bretr. ;c22 cm. 0aPoesía dominicana966 4aAutores dominicanosxBiográfias9230 0aLiteratura dominicana.967 aBNPD 0010718PDaPDbPDcCTd2009-09-22iLF1l0oRD861.44 C117pp8993-10r2020-06-25w2020-06-25yLFPDZNo se presta 0010718PDaPDbPDcCTd2009-09-22iLF1l0oRD861.44 C117pp8993-20r2020-06-25te. 2w2020-06-25yLFPDZNo se presta c8757d8757